| 000 | 00523nam a2200157Ia 4500 | ||
|---|---|---|---|
| 008 | 170221s9999 xx 000 0 und d | ||
| 100 | _aPilar Lacasa | ||
| 245 | _aMedia as Practice: Narrative and Conceptual Approach for Qualitative Data Analysis | ||
| 245 | _cPilar Lacasa, Rut Martinez-Borda, Laura Mendez | ||
| 260 | _bStudies in Media and Communication | ||
| 260 | _c2013 | ||
| 300 | _a1 : 2 | ||
| 650 | _xCommunication | ||
| 650 | _xMedia Arts | ||
| 856 | _uhttp://redfame.com/journal/index.php/smc/issue/view/6 | ||
| 999 |
_c307252 _d307252 |
||